[Event "AUTO-MASTER-1814"]
[Site "http://www.queenalice.com/game.php?id=1148957"]
[Date "2013.2.5"]
[Round "1"]
[White "clovis"]
[Black "majawi"]
[Result "1-0"]
[WhiteElo "1934"]
[BlackElo "2249"]

1. e4 c5 2. Nf3 Nc6 3. c3 g6 4. Bb5 Bg7 5. O-O d6 6. d4 a6 7. Bxc6+ bxc6 8. dxc5
Nf6 9. cxd6 exd6 10. e5 Nd5 11. exd6 O-O 12. Na3 a5 13. c4 Nb4 14. c5 Bg4 15.
Nc4 Re8 16. a3 Nd5 17. h3 Bd7 18. Bd2 Re4 19. Ne3 Nxe3 20. Bxe3 Bxb2 21. Qc2
Bxa1 22. Qxe4 Bb2 23. Bd4 Bxd4 24. Qxd4 Rb8 25. Re1 Rb3 26. Re7 Bxh3 27. Ng5 1-0

[Event "AUTO-ELITE-1129"]
[Site "http://www.queenalice.com/game.php?id=1163207"]
[Date "2013.3.21"]
[Round "1"]
[White "denisan"]
[Black "majawi"]
[Result "1-0"]
[WhiteElo "2464"]
[BlackElo "2243"]

1. e4 c5 2. Nf3 Nc6 3. Nc3 e6 4. d4 cxd4 5. Nxd4 Qc7 6. Ndb5 Qb8 7. Be3 a6 8.
Nd4 Nf6 9. a3 Be7 10. f4 d5 11. e5 Nd7 12. Qd2 Nxd4 13. Bxd4 b5 14. Be2 Bc5 15.
Bxc5 Nxc5 16. b4 Nd7 17. a4 bxa4 18. Nxa4 Bb7 19. O-O O-O 20. Nc5 Nxc5 21. bxc5
Qc7 22. Qa5 Qe7 23. Rfb1 Ra7 24. Qb6 Bc8 25. c6 Rc7 26. Rf1 g6 27. c4 Rd8 28.
Rfd1 h6 29. cxd5 exd5 30. Ra5 Be6 31. Bxa6 d4 32. Bb5 d3 33. Rxd3 Rdc8 34. Rd6
Bf5 35. Ba6 Rf8 36. Bc4 Be4 37. Ra4 Bc2 38. Bb3 Bf5 39. g4 Be6 40. Bxe6 fxe6 41.
Qb3 Re8 42. Qd3 Kh7 43. Rad4 Qh4 44. Rd7+ Re7 45. Qg3 Rexd7 46. Rxd7+ 1-0

[Event "AUTO-ELITE-1129"]
[Site "http://www.queenalice.com/game.php?id=1163208"]
[Date "2013.3.21"]
[Round "1"]
[White "majawi"]
[Black "denisan"]
[Result "0-1"]
[WhiteElo "2246"]
[BlackElo "2485"]

1. e4 c5 2. Nf3 d6 3. d4 cxd4 4. Nxd4 Nf6 5. Nc3 a6 6. Be3 e5 7. Nf5 d5 8. Bg5
d4 9. Bxf6 gxf6 10. Ne2 Qb6 11. Qc1 h5 12. h4 Bxf5 13. exf5 Nc6 14. Ng3 Bh6 15.
Qd1 Qb4+ 16. Ke2 d3+ 0-1

[Event "AUTO-ELITE-1129"]
[Site "http://www.queenalice.com/game.php?id=1163213"]
[Date "2013.3.21"]
[Round "1"]
[White "araujox"]
[Black "majawi"]
[Result "1-0"]
[WhiteElo "2371"]
[BlackElo "2254"]

1. e4 c5 2. Nf3 Nc6 3. d4 cxd4 4. Nxd4 e5 5. Nb5 a6 6. Nd6+ Bxd6 7. Qxd6 Qf6 8.
Qd1 Qg6 9. Nc3 Nge7 10. h4 h5 11. Bg5 d5 12. exd5 Nb4 13. Rc1 Bf5 14. d6 f6 15.
dxe7 fxg5 16. Be2 Bxc2 17. Qd2 gxh4 18. Rxh4 Nd3+ 19. Bxd3 Bxd3 20. Rd1 Bf5 21.
Ne4 Qe6 22. Qd8+ 1-0

[Event "AUTO-ELITE-1129"]
[Site "http://www.queenalice.com/game.php?id=1163214"]
[Date "2013.3.21"]
[Round "1"]
[White "majawi"]
[Black "araujox"]
[Result "0-1"]
[WhiteElo "2249"]
[BlackElo "2389"]

1. d4 Nf6 2. Bg5 e6 3. e4 h6 4. Bxf6 Qxf6 5. Nc3 Bb4 6. Nf3 d5 7. e5 Qe7 8. a3
Bxc3+ 9. bxc3 O-O 10. Be2 c5 11. O-O b6 12. Qd2 Ba6 13. a4 Bxe2 14. Qxe2 Nc6 15.
h3 Rac8 16. Rfd1 Na5 17. Ne1 cxd4 18. cxd4 Rc4 19. Rd3 Rfc8 20. f4 Qd7 21. Qg4
Rxa4 22. Rad1 Nc6 23. Rg3 g6 24. Nf3 Ne7 25. Nh4 Rxc2 26. f5 exf5 27. Qf4 Kh7
28. Nf3 a5 29. Re1 Qe6 30. Rb1 Rac4 31. Qh4 Kg7 32. Qf4 a4 33. Ne1 Re2 34. Re3
Rxe3 35. Qxe3 g5 36. Nf3 f4 37. Qa3 Nf5 38. Rd1 Ne3 39. Rd2 Qg6 40. Re2 Qb1+ 0-1

[Event "AUTO-OPEN-2666"]
[Site "http://www.queenalice.com/game.php?id=1165736"]
[Date "2013.3.28"]
[Round "3"]
[White "majawi"]
[Black "Christhechessplayer"]
[Result "1-0"]
[WhiteElo "2241"]
[BlackElo "2082"]

1. e4 e5 2. Bc4 Bc5 3. c3 Nf6 4. d4 exd4 5. cxd4 Bb4+ 6. Nc3 O-O 7. Bg5 h6 8. h4
c6 9. a3 Bxc3+ 10. bxc3 d5 11. Bxf6 Qxf6 12. exd5 cxd5 13. Bxd5 Re8+ 14. Ne2 Nc6
15. Ra2 Bf5 16. Kf1 Ne7 17. Bf3 Ng6 18. h5 Nh4 19. Ng3 Be6 20. Rd2 Bc4+ 21. Be2
Rxe2 22. Nxe2 Re8 23. Rh3 Qg5 24. Rh2 Bd5 25. Ng3 Bc4+ 26. Kg1 Nf5 27. Nxf5 Qxf5
28. Rh3 Re6 29. Re3 Rb6 30. Re8+ Kh7 31. Qc2 Rb1+ 32. Kh2 Qxc2 33. Rxc2 Ra1 34.
Re7 b5 35. Rxa7 1-0

[Event "AUTO-OPEN-2666"]
[Site "http://www.queenalice.com/game.php?id=1165737"]
[Date "2013.3.28"]
[Round "3"]
[White "Christhechessplayer"]
[Black "majawi"]
[Result "0-1"]
[WhiteElo "2100"]
[BlackElo "2241"]

1. e4 c5 2. Nf3 Nc6 3. d4 cxd4 4. Nxd4 e5 5. Nb5 a6 6. Nd6+ Bxd6 7. Qxd6 Qf6 8.
Qd1 Qg6 9. Nc3 d5 10. exd5 Nd4 11. Bd3 Qxg2 12. Be4 Qh3 13. Be3 Bg4 14. f3 Nxf3+
15. Kf2 Qh4+ 16. Kg2 Bh3+ 17. Kxf3 Bg4+ 18. Kg2 Bxd1 19. Raxd1 Nf6 20. Bf5 g6
21. Bd3 Ng4 22. Bb6 f5 23. h3 Nf6 24. Rhe1 e4 25. Bc4 O-O 26. d6+ Kg7 27. d7 f4
28. Nxe4 Nxe4 29. Bd4+ Kh6 30. Rxe4 Qg3+ 31. Kh1 Qf3+ 32. Kh2 Qxe4 33. Bb6 Qxc4
0-1

[Event "AUTO-MASTER-1872"]
[Site "http://www.queenalice.com/game.php?id=1181249"]
[Date "2013.5.14"]
[Round "1"]
[White "JailtonMaster"]
[Black "majawi"]
[Result "0-1"]
[WhiteElo "1982"]
[BlackElo "2239"]

1. e4 c5 2. Nf3 Nc6 3. d4 cxd4 4. Nxd4 e5 5. Nb5 d6 6. N1c3 a6 7. Na3 Be6 8. Be3
Be7 9. Nd5 Nf6 10. Bb6 Qc8 11. Nc7+ Kf8 12. Nxa8 Qxa8 13. Bd3 Nd7 14. Be3 b5 15.
c3 h5 16. O-O h4 17. f4 f6 18. fxe5 Ncxe5 19. Bb1 Ng4 20. Bd4 d5 21. e5 Ngxe5
22. Qe1 Qb8 23. Bf5 Bxf5 24. Rxf5 Ng4 25. g3 Nxh2 26. Kxh2 hxg3+ 27. Kg1 g2 0-1

[Event "AUTO-MASTER-1872"]
[Site "http://www.queenalice.com/game.php?id=1181250"]
[Date "2013.5.14"]
[Round "1"]
[White "majawi"]
[Black "JailtonMaster"]
[Result "1-0"]
[WhiteElo "2244"]
[BlackElo "1973"]

1. e4 c5 2. Nf3 d6 3. d4 cxd4 4. Nxd4 Nf6 5. Nc3 g6 6. Bb5+ Bd7 7. Bxd7+ Qxd7 8.
O-O Bg7 9. h3 O-O 10. Be3 Nc6 11. Qd2 Rfc8 12. Rad1 Rab8 13. f4 a6 14. Nf3 Qc7
15. Qf2 Nb4 16. a3 Nc6 17. e5 Ne8 18. Ng5 dxe5 19. Bb6 1-0

[Event "AUTO-MASTER-1872"]
[Site "http://www.queenalice.com/game.php?id=1181263"]
[Date "2013.5.14"]
[Round "1"]
[White "Artking"]
[Black "majawi"]
[Result "0-1"]
[WhiteElo "1827"]
[BlackElo "2248"]

1. d4 Nf6 2. c4 e6 3. Nc3 d5 4. Nf3 c6 5. e3 Nbd7 6. Bd3 dxc4 7. Bxc4 Nb6 8. Bd3
Be7 9. O-O O-O 10. Qe2 Nbd5 11. Bd2 b6 12. Ne5 Bb7 13. e4 Nb4 14. a3 Qxd4 15.
axb4 Qxe5 16. Kh1 Rfd8 17. Bc2 Bxb4 18. f4 Qc5 19. Rac1 a5 20. e5 Bxc3 21. Bxc3
Ba6 22. Qf2 Bxf1 23. Qxc5 bxc5 24. exf6 Bd3 25. Bxd3 Rxd3 26. fxg7 Rad8 27. Kg1
Rd1+ 28. Rxd1 Rxd1+ 29. Kf2 a4 30. Ke2 Rg1 31. Kf2 Rc1 32. Be5 Rc2+ 33. Kf3 c4
34. h4 c3 0-1

[Event "AUTO-MASTER-1872"]
[Site "http://www.queenalice.com/game.php?id=1181264"]
[Date "2013.5.14"]
[Round "1"]
[White "majawi"]
[Black "Artking"]
[Result "1-0"]
[WhiteElo "2249"]
[BlackElo "1825"]

1. e4 c5 2. Nf3 a6 3. d4 cxd4 4. Nxd4 d6 5. Bc4 Nf6 6. f3 g6 7. Be3 Bg7 8. c3
O-O 9. Nd2 Bd7 10. O-O Nc6 11. N2b3 Rc8 12. Bd3 Ne5 13. Be2 b5 14. Nd2 Nc4 15.
Nxc4 bxc4 16. Qd2 e5 17. Nc2 Qc7 18. Rfd1 Ne8 19. Nb4 a5 20. Nd5 Qd8 21. Bb6 Qh4
22. g3 Qh6 23. Ne7+ Kh8 24. Nxc8 Bxc8 25. Qxh6 Bxh6 26. Bxc4 f5 27. Bxa5 Be3+
28. Kg2 fxe4 29. Bd5 Rxf3 30. Rf1 Bg4 31. Bxe4 Rf6 32. Bd8 Rxf1 33. Rxf1 Kg7 34.
Bc6 1-0

[Event "AUTO-MASTER-1872"]
[Site "http://www.queenalice.com/game.php?id=1181273"]
[Date "2013.5.14"]
[Round "1"]
[White "majawi"]
[Black "karlus"]
[Result "1-0"]
[WhiteElo "2233"]
[BlackElo "2034"]

1. d4 Nf6 2. c4 c5 3. d5 b5 4. cxb5 a6 5. b6 Qxb6 6. Nc3 g6 7. e4 d6 8. Be2 Bg7
9. Nf3 Bg4 10. O-O Nbd7 11. Qc2 O-O 12. h3 Bxf3 13. Bxf3 Ne5 14. Be2 Rfc8 15.
Be3 Rab8 16. f4 Ned7 17. Rab1 Qa5 18. Bd2 Ne8 19. Bg4 Rc7 20. Na4 Qb5 21. Nc3
Qb4 22. Kh1 Nb6 23. b3 c4 24. Rfc1 cxb3 25. Rxb3 Qc5 26. Qd3 Qc4 27. Qxc4 Rxc4
28. Be2 Rc7 29. Rcb1 Bd4 30. Bxa6 Ra7 31. Nb5 Rxa6 32. Nxd4 Nf6 33. Nc6 Rb7 34.
Be3 Nc4 35. Rxb7 Nxe3 36. Nxe7+ Kf8 37. R1b3 Nc4 38. Rc3 Na5 39. Rc8+ Kg7 40.
Rb4 1-0

[Event "AUTO-MASTER-1872"]
[Site "http://www.queenalice.com/game.php?id=1181274"]
[Date "2013.5.14"]
[Round "1"]
[White "karlus"]
[Black "majawi"]
[Result "1/2-1/2"]
[WhiteElo "2036"]
[BlackElo "2250"]

1. e4 c5 2. Nf3 Nc6 3. d4 cxd4 4. Nxd4 e5 5. Nb5 a6 6. Nd6+ Bxd6 7. Qxd6 Qf6 8.
Qc7 Nge7 9. Nc3 O-O 10. Bc4 Nd4 11. Bb3 Nxb3 12. axb3 Qg6 13. Be3 Nc6 14. O-O-O
d5 15. Nxd5 Qxe4 16. f3 Qg6 17. h4 Be6 18. Qxc6 bxc6 19. Ne7+ Kh8 20. Nxg6+ hxg6
21. h5 Kh7 22. hxg6+ Kxg6 23. Rd6 Rfc8 24. Rhd1 Kf6 25. R1d3 c5 26. Rc3 c4 27.
Rxc4 Rh8 28. Rcc6 Rh1+ 29. Rd1 Rh2 30. Rd2 Rh1+ 31. Rd1 Rh2 1/2-1/2

[Event "AUTO-ELITE-1154"]
[Site "http://www.queenalice.com/game.php?id=1181516"]
[Date "2013.5.15"]
[Round "1"]
[White "BEBADO"]
[Black "majawi"]
[Result "1-0"]
[WhiteElo "2316"]
[BlackElo "2236"]

1. e4 c5 2. Nf3 Nc6 3. d4 cxd4 4. Nxd4 e5 5. Nb5 d6 6. c4 a6 7. N5a3 Be6 8. Nc3
Be7 9. Bd3 Nf6 10. O-O O-O 11. Nc2 g6 12. Bh6 Re8 13. f3 Nd7 14. Nd5 Bf8 15.
Bxf8 Rxf8 16. Kh1 f5 17. exf5 gxf5 18. f4 e4 19. Be2 Nf6 20. Nce3 Rf7 21. Qd2
Ne8 22. b4 Qh4 23. a4 Rg7 24. a5 Rg6 25. b5 Rh6 26. h3 Ne7 27. Nxe7+ Qxe7 28.
Nd5 Qg7 29. Rab1 Rd8 30. bxa6 bxa6 31. Rb6 Bc8 32. c5 Kf8 33. c6 Nf6 34. Nxf6
Rxf6 35. Bxa6 Qa7 36. Bxc8 Rxc8 37. Qd4 Qe7 38. Rb7 Qe6 39. Rc1 Kg8 40. c7 e3
41. Rb8 Rff8 42. Rxc8 Rxc8 43. Re1 Rxc7 44. Rxe3 Rc4 45. Rxe6 Rxd4 46. a6 Kf7
47. a7 Ra4 48. Rxd6 Rxa7 49. Kh2 Ra4 50. Kg3 Ra3+ 51. Kh4 Kg7 52. g4 Ra5 53. Re6
Ra4 54. Kg5 fxg4 55. hxg4 1-0

[Event "AUTO-ELITE-1154"]
[Site "http://www.queenalice.com/game.php?id=1181517"]
[Date "2013.5.15"]
[Round "1"]
[White "majawi"]
[Black "BEBADO"]
[Result "1/2-1/2"]
[WhiteElo "2238"]
[BlackElo "2155"]

1. d4 d5 2. Nf3 Nf6 3. c4 dxc4 4. Nc3 a6 5. a4 Nc6 6. e4 Bg4 7. Be3 e5 8. d5 Na5
9. Be2 Bxf3 10. gxf3 Bd6 11. Bg5 h6 12. Be3 Nh5 13. O-O Qh4 14. Kh1 f5 15. Qe1
O-O 16. Rg1 f4 17. Bd2 Nb3 18. Rg4 Qe7 19. Rd1 Nd4 20. Qf1 b5 21. axb5 axb5 22.
Bc1 Ra1 23. Bd2 Rxd1 24. Bxd1 Ra8 25. Rg1 Nf6 26. Qh3 Kh7 27. Qf1 Ra1 28. Qg2
Qf7 29. Qh3 Ra8 30. Ne2 Nxe2 31. Bxe2 g6 32. Rb1 Bc5 33. Qf1 Bd4 34. Qe1 Qf8 35.
b3 Qc5 36. Bb4 Qa7 37. bxc4 Bxf2 38. Qf1 bxc4 39. Bxc4 Bd4 40. Qg2 g5 41. Qh3
Rb8 1/2-1/2

[Event "AUTO-ELITE-1154"]
[Site "http://www.queenalice.com/game.php?id=1181522"]
[Date "2013.5.15"]
[Round "1"]
[White "Rusty"]
[Black "majawi"]
[Result "1-0"]
[WhiteElo "2401"]
[BlackElo "2240"]

1. d4 d5 2. Nf3 Nf6 3. e3 Bg4 4. c4 c6 5. cxd5 Nxd5 6. e4 Nf6 7. Nc3 e5 8. Be3
Bb4 9. dxe5 Qxd1+ 10. Kxd1 Bxc3 11. bxc3 Nxe4 12. Kc2 Nd7 13. Nd4 Nec5 14. f4
Ne6 15. Bd3 Nxd4+ 16. Bxd4 c5 17. Bf2 Rc8 18. Be4 b6 19. h3 Be6 20. Rhd1 g6 21.
Rd6 Nb8 22. Rad1 O-O 23. Bh4 Kg7 24. Bf6+ Kg8 25. g4 Bc4 26. Bb7 Rce8 27. Kb2
Be6 28. f5 Bc4 29. Bf3 h6 30. h4 Kh7 31. Be4 Be2 32. fxg6+ fxg6 33. Rd7+ Nxd7
34. Rxd7+ 1-0

[Event "AUTO-ELITE-1154"]
[Site "http://www.queenalice.com/game.php?id=1181523"]
[Date "2013.5.15"]
[Round "1"]
[White "majawi"]
[Black "Rusty"]
[Result "0-1"]
[WhiteElo "2248"]
[BlackElo "2393"]

1. e4 e5 2. Bc4 Nf6 3. d4 exd4 4. c3 Nxe4 5. Bxf7+ Kxf7 6. Qh5+ g6 7. Qd5+ Kg7
8. Qxe4 Nc6 9. Nf3 d5 10. Qe2 Bg4 11. O-O Bd6 12. Nbd2 dxc3 13. bxc3 Qf6 14. Qb5
Rhd8 15. Bb2 a6 16. Qa4 Ne5 17. Nxe5 Qxe5 18. g3 Bh3 19. Rfe1 Qf6 20. Re3 Bc5
21. Rf3 Qe7 22. c4+ d4 23. Qb3 b6 24. Rf4 Rf8 25. Qf3 g5 26. Re4 Rxf3 27. Rxe7+
Bxe7 28. Nxf3 c5 29. Re1 Bf6 30. Nd2 b5 31. Ba3 d3 32. Bxc5 bxc4 33. Be3 c3 0-1